Statistics for World Capitals Closest to Zürich

Click here to take the quiz!

General Stats

  • This quiz has been taken 280 times
  • The average score is 18 of 20

Answer Stats

kmcapitalmiles% Correct
669Berlin416
99%
684Rome425
99%
488Paris303
98%
592Vienna368
98%
493Brussels306
94%
614Amsterdam382
93%
526Prague327
91%
78Vaduz48
91%
305Luxembourg190
89%
415Monaco258
89%
95Bern59
87%
488San Marino303
87%
683Vatican City425
87%
595Zagreb370
85%
647Bratislava402
83%
790Budapest491
83%
478Ljubljana279
82%
777London483
81%
862Sarajevo536
71%
774Andorra la Vella481
66%

Score Distribution

Percentile by Number Answered

Percent of People with Each Score

Your Score History

You have not taken this quiz